000 01313cam a22003737a 4500
003 CHAP
005 20220329133815.0
008 971013s1975 r 00010 d
010 _a11192
011 _a12164
035 _a14358
040 _cCHAP
090 _aTesis
100 0 0 _aTovar Salinas, Jorge Leonardo.
_9114421
245 0 _aCaptación in situ de agua de lluvia bajo 5 diferentes tratamientos al suelo para la producción de rábano
260 _aChapingo, Méx. :
_bEl autor,
_c1975
300 _a132 h. gráfs.
502 _aTesis (Ing. Agrónomo Especialista en Suelos) -- ENA. Departamento de suelos
590 _aALEPH
_b10
_c20130110
_lUCH01
_h1228
590 _aBATCH-UPD
_b10
_c20130110
_lUCH01
_h0238
590 _aBATCH-UPD
_b10
_c20130110
_lUCH01
_h1920
590 _aBATCH-UPD
_b10
_c20130410
_lUCH01
_h1246
590 _aBATCH-UPD
_b10
_c20130914
_lUCH01
_h1728
590 _aCONVERSION
_b10
_c20130109
_lUCH01
_h1307
650 1 4 _aLluvia
_xEfecto en agricultura.
_967320
650 1 4 _aRábanos
_xAgua requerida.
_997851
650 1 4 _aRábanos
_xIrrigación.
_997856
650 1 4 _aSuelos y cultivos.
_9110571
710 0 _aENA. Departamento de Suelos.
_936705
901 _aBK
942 _cTESIS
949 _bBC
_cTES
_d-152859
_eTS1
_i14358
_si
949 _bS
_cTESBD
_d-26500
_eTS1
_i14358
_si
999 _c11192
_d11192